Queer Italy : context, antecedents and representation /

Gespeichert in:
Bibliographische Detailangaben
1. Verfasser: Malagreca, Miguel Andres (Verfasst von)
Format: Buch
Sprache:Englisch
Veröffentlicht: New York : Peter Lang, c2007
Schriftenreihe:Intersections in communications and culture ; 18
Tags: Tag hinzufügen
Keine Tags, Fügen Sie das erste Tag hinzu!

MARC

LEADER 00000nam a22000007i 4500
001 IT\ICCU\UBO\3665846
003 ItRI
005 20260115232006.0
008 090715s2007 xxu|||||| ||||| |||||c
020 |a 9780820488165 
040 |b ita  |c importazione bologna sebina 
041 7 |a eng  |2 ISO-639-2 
100 1 |a Malagreca, Miguel Andres  |0 IT\ICCU\UBOV\348756  |4 aut 
245 1 0 |a Queer Italy :  |b context, antecedents and representation /  |c Miguel Andres Malagreca. 
260 |a New York :  |b Peter Lang,  |c c2007 
300 |a 278 p. ;  |c 23 cm. 
830 0 |a Intersections in communications and culture ;  |v 18  |0 IT\ICCU\URB\0497159 
942 |2 ddc  |c BK  |n 0 
952 |0 0  |1 0  |4 0  |6 DOC_306_766000000000000_MAL  |7 0  |9 18588  |a BO  |b BO  |d 2026-01-15  |i 12896  |l 0  |o DOC 306.766 MAL  |p BO12896  |r 2026-01-15 23:20:06  |w 2026-01-15  |x [Sebina 5] [1 v.]  |y BK  |z 1 v. 
999 |c 15752  |d 15752